| 000 | 01341nam a2200397 i 4500 | ||
|---|---|---|---|
| 001 | 768714001 | ||
| 003 | CO-MdFUSB | ||
| 005 | 20230223125252.0 | ||
| 007 | ta | ||
| 008 | 230213t19791988-us||||f |||| 00| 0 eng d | ||
| 020 | _a0802441416 | ||
| 040 |
_aCO-MdFUSB _bspa _cCO-MdFUSB _dCO-MdFUSBC _erda |
||
| 041 | _aeng | ||
| 082 |
_223 _a223.061 _bB398 |
||
| 100 |
_aBullock, C. Hassell _eautor |
||
| 245 | 0 | 3 |
_aAn Introduction to the Old Testament poetic books _c/ C. Hassell Bullock |
| 264 | 1 |
_aChicago, Illinois : _bMoody Press, _c1988 |
|
| 264 | 4 | _c©1979 | |
| 300 |
_a271 páginas _c; 24 cm |
||
| 336 |
_2rdacontent _atexto _btxt |
||
| 337 |
_2rdamedia _asin mediación _bn |
||
| 338 |
_2rdacarrier _avolumen _bnc |
||
| 504 | _aIncluye bibliografía y índices | ||
| 505 | _a1. Introducción -- 2. Teología de la sabiduría -- 3. El libro de Job -- 4. El libro de los Salmos -- 5. El libro de Proverbios -- 6. El libro de Eclesiastés -- 7. El libro de Cantares | ||
| 563 | _aPasta dura | ||
| 630 | 0 | 7 |
_aBiblia. _pAntiguo Testamento |
| 630 | 0 | 7 |
_aBiblia. _pJob |
| 630 | 0 | 7 |
_aBiblia. _pJob _xCrítica, interpretación, etc. |
| 630 | 0 | 7 |
_aBiblia. _pSalmos |
| 630 | 0 | 7 |
_aBiblia. _pProverbios |
| 630 | 0 | 7 |
_aBiblia. _pEclesiastes |
| 630 | 0 | 7 |
_aBiblia. _pCantares |
| 942 | _cBK | ||
| 945 | _aAF | ||
| 999 |
_c68407 _d68407 |
||